S. America's Largest Cities Quiz Stats

 Plays Quiz Updated Dec 10, 2018

     
Support Sporcle.
Go Orange.
Score 0/36 Timer 06:00
0 Plays Today
City % Correct
Buenos Aires
92.1%
Lima
86.8%
Rio de Janeiro
85.6%
Santiago
84.9%
Bogotá
81.6%
São Paulo
80.2%
Caracas
79.1%
La Paz
78.3%
Montevideo
75.7%
Quito
75.2%
Asunción
61.1%
Georgetown
52.5%
Paramaribo
42.4%
Medellín
39.8%
Córdoba
29.5%
Guayaquil
29.2%
Cali
28.3%
Salvador
27.8%
City % Correct
Rosario
23.7%
Santa Cruz de la Sierra
22.4%
Maracaibo
21.5%
Valparaiso
16.5%
Arequipa
13.4%
Valencia
13.2%
Trujillo
9.5%
Concepcion
8.6%
Cuenca
8.4%
El Alto
8%
Ciudad del Este
8%
Salto
7%
New Amsterdam
6.8%
Linden
4.8%
San Lorenzo
4.1%
Lelydorp
3.7%
Ciudad de la Costa
3.6%
Nieuw Nickerie
3.6%

From the Vault

Classic TV by Episode

by MatPat13

This quiz was shot in front of a live studio audience
Remove Ads.
Support Sporcle.
Get the best of Sporcle when you Go Orange. This ad-free experience offers more features, more stats, and more fun while also helping to support Sporcle. Thank you for becoming a member.

Show Comments

Extras

Top Quizzes Today


Score Distribution

Your Account Isn't Verified!

In order to create a playlist on Sporcle, you need to verify the email address you used during registration. Go to your Sporcle Settings to finish the process.

Report this User

Report this user for behavior that violates our Community Guidelines.

Details: